[Event "IECG CP.2005.P.00065"]
[Site "IECG email"]
[Date "2005.10.01"]
[Round "?"]
[White "Nickel, Ernesto"]
[Black "Sardi, Anibal"]
[Result "1-0"]
[WhiteElo "800"]
[BlackElo "1973"]
[PlyCount "57"]
[EventDate "2005.10.01"]
[EventType "tourn (corr)"]
[EventRounds "6"]
[SourceTitle "Corr 2008"]
[Source "ChessBase"]
[SourceDate "2008.06.24"]
[SourceVersion "1"]
[SourceVersionDate "2008.06.24"]
[SourceQuality "1"]

1. e4 Nf6 2. e5 Nd5 3. d4 e6 4. Nf3 c5 5. c4 Nb6 6. dxc5 Bxc5 7. Nc3 Nc6 8. Be2 0-0 9. Be3 Bb4 10. 0-0 f6 11. exf6 Bxc3 12. bxc3 Qxf6 13. Qd6 Qxc3 14. Rac1 Qf6 15. Qa3 Qd8 16. Rb1 Rf5 17. Rb5 Qe7 18. Bc5 Rxc5 19. Qxc5 Qxc5 20. Rxc5 Na4 21. Rh5 Nc3 22. Bd3 g6 23. Rh3 Nxa2 24. Ng5 Nab4 25. Bb1 h5 26. Bxg6 d5 27. Bf7+ Kg7 28. Rxh5 dxc4 29. Rh7+ 1-0

[Event "IECG QN.2004.0.00307 email "]
[Site "IECG email"]
[Date "2004.01.14"]
[Round "?"]
[White "Wood, Brian B"]
[Black "Nickel, Ernesto"]
[Result "0-1"]
[WhiteElo "944"]
[BlackElo "800"]
[PlyCount "56"]
[EventDate "2004.01.14"]
[EventType "tourn (corr)"]
[EventRounds "6"]
[SourceTitle "Corr 2008"]
[Source "ChessBase"]
[SourceDate "2008.06.24"]
[SourceVersion "1"]
[SourceVersionDate "2008.06.24"]
[SourceQuality "1"]

1. e4 c5 2. Nf3 d6 3. d4 cxd4 4. Nxd4 Nf6 5. Nc3 Nc6 6. Bg5 e5 7. Nxc6 bxc6 8. Bc4 Be7 9. 0-0 Rb8 10. b3 0-0 11. Qd3 Be6 12. Bxe6 fxe6 13. Qh3 Qd7 14. f4 h6 15. Bxf6 Bxf6 16. f5 exf5 17. Rxf5 Rf7 18. Rxf6 Qxh3 19. gxh3 Rxf6 20. Rf1 Rxf1+ 21. Kxf1 Rf8+ 22. Kg2 Rf4 23. a3 Kf7 24. Ne2 Rxe4 25. Kf3 d5 26. c3 Ke6 27. c4 g5 28. cxd5+ cxd5 0-1